| 000 | 00000nam 2200000za 4500 |
| 001 | 9.816973 |
| 003 | CaOODSP |
| 005 | 20221107142353 |
| 007 | cr ||||||||||| |
| 008 | 160505s2013 xxc |o f|0| 0 fre d |
| 040 | |aCaOODSP|bfre |
| 043 | |an-cn--- |
| 086 | 1 |aPE2-10/2013F-PDF |
| 110 | 1 |aCanada.|bTribunal de la protection des fonctionnaires divulgateurs Canada. |
| 245 | 14|aUne comparaison des régimes de divulgation au Canada |h[ressource électronique]. |
| 260 | |a[Ottawa] : |bTribunal de la protection des fonctionnaires divulgateurs Canada, |c2013. |
| 300 | |a12 p. : |btableaux. |
| 500 | |aOctobre 2013. |
| 500 | |aPubli. aussi en anglais sous le titre : A comparison of disclosure regimes in Canada. |
| 692 | 07|2gccst|aFonction publique |
| 775 | 08|tA comparison of disclosure regimes in Canada |w(CaOODSP)9.816969 |
| 856 | 40|qPDF|s580 Ko|uhttps://publications.gc.ca/collections/collection_2016/tpfdc-psdptc/PE2-10-2013-fra.pdf |